South Eastern Kenya University

Library Online Public Access Catalogue


Managerial accounting : (Record no. 9491)

MARC details
000 -LEADER
fixed length control field 00543cam a2200169 a 4500
020 ## - INTERNATIONAL STANDARD BOOK NUMBER
International Standard Book Number 0072394668 (alk. paper)
020 ## - INTERNATIONAL STANDARD BOOK NUMBER
International Standard Book Number 0072480165 (CDROM)
050 00 - LIBRARY OF CONGRESS CALL NUMBER
Classification number HF5657.4
Item number .H55 2002
100 1# - MAIN ENTRY--PERSONAL NAME
Personal name Hilton, Ronald W.
245 10 - TITLE STATEMENT
Title Managerial accounting :
Remainder of title creating value in a dynamic business environment /
Statement of responsibility, etc. Ronald W. Hilton.
250 ## - EDITION STATEMENT
Edition statement 5th ed.
260 ## - PUBLICATION, DISTRIBUTION, ETC. (IMPRINT)
Place of publication, distribution, etc. Boston :
Name of publisher, distributor, etc. McGraw-Hill/Irwin,
Date of publication, distribution, etc. c2002.
300 ## - PHYSICAL DESCRIPTION
Extent xxxii, 858 p. :
500 ## - GENERAL NOTE
General note Includes bibliographic references and index.
650 ## - SUBJECT ADDED ENTRY--TOPICAL TERM
General subdivision Managerial accounting.
942 ## - ADDED ENTRY ELEMENTS (KOHA)
Source of classification or shelving scheme Library of Congress Classification
Koha item type General circulation
Holdings
Withdrawn status Lost status Source of classification or shelving scheme Damaged status Not for loan Home library Current library Shelving location Date acquired Source of acquisition Cost, normal purchase price Full call number Barcode Date last seen Cost, replacement price Price effective from Koha item type
    Library of Congress Classification     Main Campus Library Main Campus Library General Stacks 15/10/2015 Donation - Books for Africa 4614.00 HF 5657.4 .H557 2002 2015/009100 15/10/2015 5075.00 15/10/2015 General circulation
Kitui, Kenya.
+254736116989
library@seku.ac.ke